Library Banner

Nutrition education : (Record no. 104579)

MARC details
000 -LEADER
fixed length control field 00766cam a2200241 i 4500
001 - CONTROL NUMBER
control field 18630990
005 - DATE AND TIME OF LATEST TRANSACTION
control field 20180503114343.0
008 - FIXED-LENGTH DATA ELEMENTS--GENERAL INFORMATION
fixed length control field 150522s2016 mauab b 001 0 eng
020 ## - INTERNATIONAL STANDARD BOOK NUMBER
International Standard Book Number 9781284078008 (alk. paper)
040 ## - CATALOGING SOURCE
Transcribing agency PK-LaUMT
082 00 - DEWEY DECIMAL CLASSIFICATION NUMBER
Classification number 613.2
Edition number 23
Item number CON-N
100 1# - MAIN ENTRY--PERSONAL NAME
Personal name Contento, Isobel R.
245 10 - TITLE STATEMENT
Title Nutrition education :
Remainder of title linking research, theory, and practice /
Statement of responsibility, etc Isobel R. Contento
250 ## - EDITION STATEMENT
Edition statement 3rd ed.
260 ## - PUBLICATION, DISTRIBUTION, ETC. (IMPRINT)
Place of publication, distribution, etc Burlington :
Name of publisher, distributor, etc Jones & Bartlett Learning,
Date of publication, distribution, etc 2016
300 ## - PHYSICAL DESCRIPTION
Extent xxiv, 638 p. :
Other physical details color illustrations, color maps ;
Dimensions 28 cm
650 #0 - SUBJECT ADDED ENTRY--TOPICAL TERM
Topical term or geographic name as entry element Nutrition
General subdivision Study and teaching.
650 12 - SUBJECT ADDED ENTRY--TOPICAL TERM
Topical term or geographic name as entry element Dietetics
General subdivision education.
650 12 - SUBJECT ADDED ENTRY--TOPICAL TERM
Topical term or geographic name as entry element Health Education
General subdivision methods.
650 22 - SUBJECT ADDED ENTRY--TOPICAL TERM
Topical term or geographic name as entry element Food Habits.
650 22 - SUBJECT ADDED ENTRY--TOPICAL TERM
Topical term or geographic name as entry element Health Behavior.
942 ## - ADDED ENTRY ELEMENTS (KOHA)
Koha item type Books
Holdings
Withdrawn status Lost status Damaged status Home library Current library Date acquired Full call number Barcode Date last seen Price effective from Koha item type
      UMT Main Campus UMT Main Campus 2018-05-03 613.2 CON-N 120778 2023-02-09 2018-05-03 Books